| 000 | 00464nam a22001817a 4500 | ||
|---|---|---|---|
| 003 | CEME | ||
| 005 | 20210628203604.0 | ||
| 008 | 210202b xxu||||| |||| 00| 0 eng d | ||
| 020 | _a969-35-1105-0 | ||
| 040 | _c. | ||
| 082 | _a891.4397 BUT | ||
| 100 |
_aDr.Muhammad Younis But, Butt, Muhammad Younus. Dr _966420 |
||
| 245 | _aShetanian | ||
| 260 |
_aLAHORE _bSANG-E-MEEL _c2003 |
||
| 300 | _a141P | ||
| 650 |
_aURDU ADAB-TANZ-O-MAZAH _91738 |
||
| 942 |
_cBK _2ddc |
||
| 999 |
_c574394 _d574394 |
||